00732ngm a2200181 i 4500001001100000003000500011005001700016008004100033040002500074245002400099264007000123336002100193337002500214338002300239500024500262700001100507700003200518C2-0335065PPAK20180727222403.0151216s2013 my |||| ||||| | vlmay d aPPAKbengcPPAKerda10aOMK : boh mak kau! 1aKuala Lumpur : bGolden Satellite Distribution Sdn. Bhd. , c2013 2rdacontentatext 2rdamediaaunmediated 2rdacarrieravolume aDVD ; MPEG 2, PAL, region 3 ; Dolby Digital 5.1 ; In Malay version. ; Summary : Sam (Jep Sepahtu) dan Mun (Shuib Sepahtu) bekerja bersama ibu mereka, Mama San (Wan Maimunah) sebagai peniaga ayam di pasar. Tabiat Sam dan Mun yang suka mencur eauthor0 aNurul Ain Nordin, ecompile